Statistics for Famous Authors: Picture Quiz

Click here to take the quiz!

General Stats

  • This quiz has been taken 164 times
  • The average score is 5 of 10

Answer Stats

Answer% Correct
Charles Dickens
81%
Agatha Christie
78%
George Orwell
72%
Ernest Hemingway
65%
Franz Kafka
47%
Terry Pratchett
34%
John Steinbeck
31%
Ian Rankin
16%
Douglas Adams
14%
Benjamin Disraeli
13%

Score Distribution

Percentile by Number Answered

Percent of People with Each Score

Your Score History

You have not taken this quiz